Statistiken für Hauptstädte am Nächsten nach London - Eine Minute Sprint

Klicken Sie hier um das Quiz zu spielen!

Allgemein

  • Dieses Quiz wurde 117 mal gespielt
  • Das Durchschnittsergebnis liegt bei 14 aus 22

Antwortstatistiken

kmHauptstadt% Korrekt
933Berlin
95%
321Brüssel
93%
358Amsterdam
92%
464Dublin
90%
343Paris
90%
1155Oslo
88%
747Bern
87%
1236Wien
85%
957Kopenhagen
83%
1435Stockholm
83%
1265Madrid
82%
490Luxemburg
75%
1434Rom
54%
850Vaduz
48%
1035Prag
44%
1032Monaco
36%
1008Andorra la
Vella
32%
1260San Marino
27%
1432Vatikanstadt
24%
1289Bratislava
19%
1229Ljubljana
15%
1339Zagreb
13%

Verteilung der Resultate

Perzentil nach korrekt beantworteten Fragen

Anzahl Personen mit jedem Resultat

Ihre Resultats-Entwicklung

Sie haben dieses Quiz noch nicht gespielt